| 000 | 00410nam a2200181Ia 4500 | ||
|---|---|---|---|
| 008 | 210210b1945 xxu||||| |||| 00| 0 eng d | ||
| 041 | _aeng | ||
| 082 | _a383/23 | ||
| 100 | _aBANERJEE (N) | ||
| 245 | _aHow to do business | ||
| 260 |
_aCalcutta _bIndustry Publishers Ltd. _c1945 |
||
| 300 | _aviii,274 | ||
| 650 | _aHow | ||
| 650 | _ado | ||
| 650 | _abusiness | ||
| 690 | _aBusiness | ||
| 906 | _a005219 | ||
| 999 |
_c125231 _d125231 |
||